000 03690nab a2200253 i 4500
003 BR-BrBNA
005 20251218115233.0
008 251218b2024 bl.ar|pooa||| 00| 0 eng |
040 _aBR-BrBNA
_beng
072 _aF70
100 _aMatute, Francia Yameli Beltrán
100 _aSalino, Alexandre
100 _aLima, Lucas Vieira
245 _aGleicheniaceae from the Quindío Department, Colombia
500 _aPublicação on-line; 26 ref.; 5 illus.; Summaries (En, Es)
520 _a Abstract Colombia is a tropical country with a rich fern flora. The Quindío Department is in an area which is undergoing significant environmental changes due to anthropogenic activities, such as coffee cultivation. Gleicheniaceae, a family of pioneer ferns, is known for preferentially occupying open, sunny, and disturbed habitats, such as roadsides. Our study aimed to conduct a taxonomic treatment of the Gleicheniaceae species in the Quindío Department in Colombia. Our results revealed the presence of 10 species distributed in four genera, with the Sticherus genus accounting for most of the species (seven in total). Notably, a new record of Sticherus (S. brevitomentosus) was found for Colombia, indicating the potential for the discovery of additional species in future studies. Furthermore, our results demonstrated that 42% of the 24 species reported in the Andean region were present in the Quindío Department, and Calarcá and Salento were the municipalities with the highest diversity. We have provided taxonomic descriptions for the genera and species, as well as an identification key, maps, images, and comments on the taxonomy and distribution of the species. Key words: ferns, flora, Gleichenialles, taxonomic treatment. Resumen Colombia es un país tropical con una rica flora de helechos. El Departamento de Quindío está ubicado en una zona que sufre una importante alteración ambiental debido a actividades antropogénicas como el cultivo de café. Las Gleicheniaceae, una familia de helechos pioneros, son conocidas por ocupar preferentemente hábitats abiertos, soleados y perturbados, como los bordes de las carreteras. Nuestro estudio tuvo como objetivo realizar un tratamiento taxonómico de las especies de Gleicheniaceae en el Departamento de Quindío, Colombia. Nuestros resultados revelaron la presencia de 10 especies distribuidas en cuatro géneros, siendo el género Sticherus el que cuenta con la mayoría de las especies (siete en total). Notablemente, se encontró un nuevo registro de Sticherus (S. brevitomentosus) para Colombia, lo que sugiere la posible descubierta de especies adicionales en futuros estudios. Además, nuestros resultados demostraron que el 42% de las 24 especies reportadas en la región Andina estaban presentes en el Departamento de Quindío, siendo Calarcá y Salento los municipios con la mayor diversidad. Hemos proporcionado descripciones taxonómicas tanto para los géneros como para las especies, así como una clave de identificación, mapas, imágenes y comentarios sobre la taxonomía y distribución de las especies.Palabras clave: helechos, flora, Gleicheniales, tratamiento taxonómico. Palabras clave: helechos, flora, Gleichenialles, tratamiento taxonómico.
650 _aTAXONOMIA
650 _aFLORA
650 _aCOLÔMBIA
773 0 _0709
_9359346
_dRio de Janeiro-RJ Jardim Botanico do Rio de Janeiro 1935
_o2025-7320
_tRodriguésia (Brazil)
_x0370-6583; 2175-7860 on-line
_gv. 75 p. 1-15; (2024)
_wBR2025004496
856 _uhttps://www.scielo.br/j/rod/a/jXk58jpB9936m6XNw7Lbk8w/?format=pdf&lang=en
942 _cANA
999 _c339491
_d339491